000 00992nam a2200265 a 4500
001 BRL_1407
005 20190320211204.0
008 130114s1960----mx-ao#####---#000-0#spa-#
041 _aspa
044 _amx
050 4 _aF1435
_b.C78 1960
100 1 _aCruz, Pacheco
_926801
245 1 0 _aUsos, costumbres, religión i supersticiones de los mayas
_cPacheco Cruz ; con sugestivo prólogo del Sr. Lic. Santiago Burgos Brito.
250 _a2a ed.
260 _aMerida, Yucatán
_b[s.n.]
_c1960
300 _axiii, 297 p.
_bil.
_c24 cm.
500 _aAu1686
500 _aCuidadosamente corregida i ampliamente aumentada con varias anécdotas i leyendas interesantes. Contiene además, un breve estudio sicobiológico de la raza, algunos dibujos e ilustraciones.
504 _aBibliografía: p. 295-296
650 1 4 _aMayas
_xVida social y costumbres
_924124
650 1 4 _aMayas
_xReligión
_926802
700 1 _aBurgos Brito, Santiago
_epról.
_926803
902 _aGRL
942 _2lcc
_cB
999 _c10217
_d10217